[Event "Women's National Chess Championship 2015"]
[Site "SLIIT,Malambe"]
[Date "2015.07.04"]
[Round "1"]
[Board "1"]
[White "Mendis, Dasuni Hansika"]
[Black "Kodikara, K K M Sachintha"]
[Result "1-0"]
[WhiteElo "1697"]
[BlackElo "1505"]
[PlyCount "101"]
[EventDate "2015.07.04"]
[EventRounds "13"]
[EventCountry "SRI"]

1. d4 d5 2. c4 c6 3. Nf3 Nf6 4. e3 Bf5 5. Nc3 e6 6. Be2 Nbd7 7. O-O Bd6 8. b3
O-O 9. Nh4 Ne4 10. Nxe4 Qxh4 11. Nxd6 Bg6 12. Nxb7 Qe7 13. a4 Qf6 14. Ba3 Rfe8
15. cxd5 cxd5 16. Bb5 Rec8 17. Bxd7 Rc7 18. Nc5 a6 19. a5 Bf5 20. Rc1 Raa7 21.
Ba4 h6 22. Nxa6 Rxc1 23. Qxc1 Bd3 24. Rd1 Bxa6 25. Qc5 Ra8 26. Qc6 Qd8 27. Qb6
Qxb6 28. axb6 f6 29. Bc5 Bb7 30. Rc1 Rc8 31. Bd7 Rd8 32. Bxe6+ Kh8 33. Be7 Ra8
34. h3 Ra6 35. Bc5 Ra8 36. e4 dxe4 37. d5 Ra6 38. d6 Bc6 39. d7 Ra8 40. Be7
Bxd7 41. Bxd7 Kh7 42. Rc8 Ra6 43. b7 Rb6 44. b8=Q Rxb8 45. Rxb8 e3 46. fxe3 h5
47. b4 h4 48. b5 g6 49. Bxf6 g5 50. Bf5+ Kh6 51. Rh8# 1-0

[Event "Women's National Chess Championship 2015"]
[Site "SLIIT,Malambe"]
[Date "2015.07.04"]
[Round "1"]
[Board "2"]
[White "Askey, Roshell Nathasha"]
[Black "Ranasinghe, S D"]
[Result "0-1"]
[WhiteElo "1606"]
[BlackElo "1783"]
[PlyCount "128"]
[EventDate "2015.07.04"]
[EventRounds "13"]
[EventCountry "SRI"]

1. e4 b6 2. d4 Bb7 3. f3 e6 4. Be3 Bb4+ 5. c3 Be7 6. Qc2 c5 7. dxc5 Bxc5 8.
Bxc5 bxc5 9. Qf2 Qe7 10. Na3 Bc6 11. Qg3 f6 12. Nc4 d5 13. Nd6+ Kf8 14. Bb5 a6
15. Nc8 Qd8 16. Bxc6 Nxc6 17. Qd6+ Qxd6 18. Nxd6 Rb8 19. exd5 exd5 20. O-O-O
Nge7 21. Ne2 Ne5 22. Nf4 Rb6 23. Ne4 c4 24. Nc5 Rd6 25. Nfe6+ Kf7 26. Nd4 Rc8
27. Nde6 Rxe6 28. Nxe6 Kxe6 29. Rhe1 Kd6 30. Kc2 N7g6 31. Rf1 Nf4 32. g3 Nfd3
33. Rb1 g5 34. Kd2 Re8 35. f4 gxf4 36. gxf4 Ng6 37. b3 Ngxf4 38. bxc4 Re2+ 39.
Kd1 Nf2+ 40. Rxf2 Rxf2 41. Rb6+ Ke5 42. c5 Ne6 43. c6 Rxa2 44. Kc1 Rxh2 45.
Rxa6 f5 46. Ra7 Kd6 47. Ra6 Nc7 48. Ra4 Kxc6 49. Rf4 Rh5 50. c4 Ne6 51. cxd5+
Kxd5 52. Rf2 f4 53. Rd2+ Nd4 54. Rf2 Ke4 55. Kd2 Nf3+ 56. Ke2 Rh2 57. Rxh2 Nxh2
58. Kf2 Ng4+ 59. Kg2 f3+ 60. Kg3 f2 61. Kxg4 f1=Q 62. Kh5 Qg2 63. Kh4 h6 64.
Kh5 Qg5# 0-1

[Event "Women's National Chess Championship 2015"]
[Site "SLIIT,Malambe"]
[Date "2015.07.04"]
[Round "1"]
[Board "3"]
[White "Gamage, Nethmi Nirasha"]
[Black "Udupitiya, U G S S S"]
[Result "1-0"]
[WhiteElo "1580"]
[BlackElo "1647"]
[PlyCount "79"]
[EventDate "2015.07.04"]
[EventRounds "13"]
[EventCountry "SRI"]

1. d4 Nf6 2. c4 g6 3. Nc3 Bg7 4. e4 d6 5. Nf3 O-O 6. Be2 e5 7. d5 Nbd7 8. Bg5
h6 9. Bh4 a6 10. Nd2 Nc5 11. b4 Ncd7 12. Nb3 Qe7 13. f3 Re8 14. O-O g5 15. Bf2
Nh7 16. c5 Ndf8 17. a4 Ng6 18. Rc1 f5 19. b5 Nf4 20. b6 cxb6 21. cxd6 Qxd6 22.
Nd2 Nxe2+ 23. Qxe2 Qg6 24. Nc4 Bf8 25. Bxb6 Bd7 26. Bc7 Bc5+ 27. Kh1 Qf6 28.
Rfd1 Rac8 29. d6 Nf8 30. Nd5 Qg7 31. Ncb6 Bxb6 32. Nxb6 Ne6 33. Nxc8 Rxc8 34.
exf5 Nd4 35. Qb2 Bc6 36. Re1 Qd7 37. Rxe5 Nxf5 38. Qb3+ Kf8 39. Qd3 Nh4 40. Re7
 1-0

[Event "Women's National Chess Championship 2015"]
[Site "SLIIT,Malambe"]
[Date "2015.07.04"]
[Round "1"]
[Board "4"]
[White "Peiris, H Pevinya"]
[Black "Methmani, Nelunika"]
[Result "1-0"]
[WhiteElo "1607"]
[BlackElo "1768"]
[PlyCount "73"]
[EventDate "2015.07.04"]
[EventRounds "13"]
[EventCountry "SRI"]

1. e4 c5 2. Nf3 Nc6 3. c3 e6 4. d4 d5 5. e5 Qb6 6. a3 cxd4 7. cxd4 Bd7 8. b4
Nge7 9. Nc3 Nf5 10. Na4 Qc7 11. Bb2 b6 12. Rc1 Qb7 13. g4 Nh6 14. h3 Be7 15.
Bd3 O-O 16. Nc3 f6 17. exf6 Rxf6 18. b5 Na5 19. g5 Rxf3 20. Qxf3 Bxg5 21. Rd1
Rf8 22. Bxh7+ Kxh7 23. Qxf8 Nf5 24. Qf7 Qc8 25. Qh5+ Bh6 26. Qf3 Nc4 27. Bc1
Nxd4 28. Rxd4 Bxc1 29. Rh4+ Bh6 30. Rg1 Qd8 31. Qd3+ Kh8 32. Rxh6+ gxh6 33.
Qd4+ e5 34. Qxd5 Qc8 35. Qf7 Bg4 36. Rxg4 Qxg4 37. hxg4 1-0

[Event "Women's National Chess Championship 2015"]
[Site "SLIIT,Malambe"]
[Date "2015.07.04"]
[Round "1"]
[Board "5"]
[White "Rajapaksa, Miyuni Kavinya"]
[Black "Premanath, Dinushki"]
[Result "0-1"]
[WhiteElo "1591"]
[BlackElo "1833"]
[PlyCount "58"]
[EventDate "2015.07.04"]
[EventRounds "13"]
[EventCountry "SRI"]

1. e4 c5 2. Nf3 e6 3. d4 cxd4 4. Nxd4 a6 5. Bd3 Qc7 6. O-O Nc6 7. Be3 Nf6 8.
Nxc6 Qxc6 9. e5 Nd5 10. Be4 Nxe3 11. Qf3 Nd5 12. Nc3 Be7 13. Nxd5 exd5 14. Bxd5
Qg6 15. Bxb7 Bxb7 16. Qxb7 Qc6 17. Qb3 O-O 18. f4 Rab8 19. Qd3 Rxb2 20. Rac1
Rc8 21. Kh1 Qc4 22. Qxd7 Rxc2 23. Rcd1 Qe4 24. Rg1 Bb4 25. Rd4 Qe3 26. Rgd1 Bf8
27. Qg4 Qe2 28. Qg5 h6 29. Qg3 R8c3 0-1

[Event "Women's National Chess Championship 2015"]
[Site "SLIIT,Malambe"]
[Date "2015.07.04"]
[Round "1"]
[Board "6"]
[White "Saumy, Zainab"]
[Black "Wickramasinghe, Dilhara Ishini"]
[Result "0-1"]
[WhiteElo "1570"]
[BlackElo "1674"]
[PlyCount "114"]
[EventDate "2015.07.04"]
[EventRounds "13"]
[EventCountry "SRI"]

1. e4 c5 2. Nf3 d6 3. d4 cxd4 4. Nxd4 Nf6 5. Nc3 g6 6. f4 Nc6 7. Be3 Bg7 8. Be2
O-O 9. h3 Nxd4 10. Bxd4 Qa5 11. O-O Rd8 12. Qe1 Qb4 13. Nb5 Qxe1 14. Raxe1 Nxe4
15. Bxg7 Kxg7 16. Bd3 d5 17. Nc7 Rb8 18. Nxd5 Rxd5 19. Bxe4 Rd4 20. c3 Rd2 21.
Rf2 Rxf2 22. Kxf2 Be6 23. a3 b6 24. f5 gxf5 25. Bc2 Rd8 26. Ke3 Rd5 27. Rf1 Kh6
28. g4 fxg4 29. hxg4 Kg7 30. Kf4 Rd2 31. Be4 Rxb2 32. Rh1 h6 33. g5 hxg5+ 34.
Kxg5 Rb5+ 35. Kf4 f5 36. Bc2 Rc5 37. Re1 Kf6 38. Re3 Rc4+ 39. Kf3 Rh4 40. Re2
Rh3+ 41. Kf4 Rxc3 42. a4 Rc5 43. Rh2 Rc4+ 44. Kg3 Rg4+ 45. Kf3 Bd5+ 46. Ke3 Rg2
47. Rxg2 Bxg2 48. Kf2 Bd5 49. Kg3 Kg5 50. Bd1 e5 51. Kf2 f4 52. Bc2 e4 53. Ke2
Kg4 54. Kf2 e3+ 55. Ke2 Bc4+ 56. Ke1 f3 57. a5 f2+ 0-1

[Event "Women's National Chess Championship 2015"]
[Site "SLIIT,Malambe"]
[Date "2015.07.04"]
[Round "2"]
[Board "1"]
[White "Kodikara, K K M Sachintha"]
[Black "De Silva, Chamindra"]
[Result "0-1"]
[WhiteElo "1505"]
[BlackElo "1544"]
[PlyCount "90"]
[EventDate "2015.07.04"]
[EventRounds "13"]
[EventCountry "SRI"]

1. Nf3 c5 2. g3 d6 3. Bg2 Nf6 4. d3 e6 5. O-O Be7 6. e4 Nc6 7. Nc3 a6 8. Ne2
Qc7 9. a4 h6 10. Nd2 Bd7 11. Nc4 Ne5 12. Nxe5 dxe5 13. b3 Bc6 14. Bb2 Rd8 15.
Qc1 b5 16. axb5 axb5 17. Bc3 b4 18. Bb2 O-O 19. f4 Nd7 20. Bh3 exf4 21. Qxf4 e5
22. Qf2 Bd6 23. Ra2 Nf6 24. Rfa1 Ra8 25. Rxa8 Rxa8 26. Rxa8+ Bxa8 27. g4 Bc6
28. Ng3 Bd7 29. Qf3 Qa7 30. Nf5 Bxf5 31. Qxf5 c4+ 32. Kh1 c3 33. Bc1 Qa1 34.
Qf1 Qb1 35. Qd1 Bc5 36. d4 Bxd4 37. Kg2 Nxe4 38. Kf3 Nf2 39. Qf1 Nxh3 40. Qxh3
Qxc1 41. g5 Qf4+ 42. Ke2 Qd2+ 43. Kf3 Qf2+ 44. Ke4 Qxc2+ 45. Kf3 Qd3+ 0-1

[Event "Women's National Chess Championship 2015"]
[Site "SLIIT,Malambe"]
[Date "2015.07.04"]
[Round "2"]
[Board "2"]
[White "Wickramasinghe, Dilhara Ishini"]
[Black "Abeysinghe, H M H Janandani"]
[Result "1/2-1/2"]
[WhiteElo "1674"]
[BlackElo "1519"]
[PlyCount "58"]
[EventDate "2015.07.04"]
[EventRounds "13"]
[EventCountry "SRI"]

1. d4 d5 2. c4 e6 3. Nc3 Nf6 4. Bg5 Nbd7 5. e3 c6 6. cxd5 exd5 7. Qc2 h6 8. Bh4
Be7 9. Bd3 O-O 10. Nge2 Re8 11. O-O Ng4 12. Bg3 Bh4 13. Bxh4 Qxh4 14. h3 Ngf6
15. Nf4 Nh5 16. g3 Nxg3 17. fxg3 Qxg3+ 18. Ng2 Rxe3 19. Bf5 Re7 20. Rf4 g5 21.
Rff1 Nb6 22. Bxc8 Rxc8 23. Qf5 Rce8 24. Rae1 Rxe1 25. Qxf7+ Kh8 26. Qf6+ Kh7
27. Qf5+ Kh8 28. Qf6+ Kh7 29. Qf7+ Kh8 1/2-1/2

[Event "Women's National Chess Championship 2015"]
[Site "SLIIT,Malambe"]
[Date "2015.07.04"]
[Round "2"]
[Board "3"]
[White "Premanath, Dinushki"]
[Black "Saumy, Zainab"]
[Result "1/2-1/2"]
[WhiteElo "1833"]
[BlackElo "1570"]
[PlyCount "68"]
[EventDate "2015.07.04"]
[EventRounds "13"]
[EventCountry "SRI"]

1. e4 e5 2. Nf3 Nc6 3. Bb5 Nf6 4. O-O Nxe4 5. Re1 Nd6 6. Bxc6 dxc6 7. Nxe5 Be7
8. d4 O-O 9. c3 Be6 10. Nd2 Qc8 11. Ndf3 f6 12. Nd3 Re8 13. b3 Bf7 14. Bb2 Qf5
15. Nh4 Qg5 16. Nf3 Qf5 17. h3 Rad8 18. Nh4 Qg5 19. Qg4 Bh5 20. Qg3 f5 21. Nf3
Qxg3 22. fxg3 Bf6 23. Nfe5 Nf7 24. Nxf7 Bxf7 25. Kf2 Bd5 26. Rxe8+ Rxe8 27. Re1
Rxe1 28. Nxe1 Kf7 29. Nf3 g6 30. Nd2 Bg5 31. Nf3 Bf6 32. Nd2 Bg5 33. Nf3 Bf6
34. Nd2 Bg5 1/2-1/2

[Event "Women's National Chess Championship 2015"]
[Site "SLIIT,Malambe"]
[Date "2015.07.04"]
[Round "2"]
[Board "4"]
[White "Methmani, Nelunika"]
[Black "Rajapaksa, Miyuni Kavinya"]
[Result "1-0"]
[WhiteElo "1768"]
[BlackElo "1591"]
[PlyCount "61"]
[EventDate "2015.07.04"]
[EventRounds "13"]
[EventCountry "SRI"]

1. d4 d5 2. Nf3 Nf6 3. c4 dxc4 4. e3 e6 5. Bxc4 c5 6. O-O Nc6 7. Nc3 a6 8. a4
Be7 9. b3 O-O 10. Bb2 Qb6 11. Ne2 Na5 12. Qc2 Nxc4 13. bxc4 Nd7 14. Rab1 Qc7
15. Rfd1 cxd4 16. exd4 b6 17. Rdc1 Bb7 18. Qb3 Rae8 19. Ng3 f5 20. Re1 Bd6 21.
Ng5 Rf6 22. d5 Nc5 23. Qd1 e5 24. Nxh7 Rh6 25. Ng5 Qd8 26. Bc1 f4 27. N3e4 Nxe4
28. Nxe4 Qh4 29. h3 Rf8 30. Rxb6 Qe7 31. Nxd6 1-0

[Event "Women's National Chess Championship 2015"]
[Site "SLIIT,Malambe"]
[Date "2015.07.04"]
[Round "2"]
[Board "5"]
[White "Udupitiya, U G S S S"]
[Black "Peiris, H Pevinya"]
[Result "1/2-1/2"]
[WhiteElo "1647"]
[BlackElo "1607"]
[PlyCount "64"]
[EventDate "2015.07.04"]
[EventRounds "13"]
[EventCountry "SRI"]

1. e4 Nf6 2. e5 Nd5 3. c4 Nb6 4. d4 d6 5. exd6 exd6 6. Nc3 Nc6 7. Be3 Bf5 8.
Bd3 Bxd3 9. Qxd3 Be7 10. a3 Qd7 11. Nge2 O-O 12. O-O f5 13. f4 d5 14. cxd5 Nxd5
15. Nxd5 Qxd5 16. Nc3 Qd7 17. Rad1 Kh8 18. Qe2 Bf6 19. d5 Ne7 20. Bc5 Rfe8 21.
Qf3 b6 22. Bd4 Bxd4+ 23. Rxd4 Rad8 24. Rfd1 Nc8 25. R4d3 Nd6 26. Rd4 Qe7 27.
R4d2 Qe3+ 28. Qxe3 Rxe3 29. Rd4 a6 30. Kf2 Rde8 31. a4 Kg8 32. h3 Kf7 1/2-1/2

[Event "Women's National Chess Championship 2015"]
[Site "SLIIT,Malambe"]
[Date "2015.07.04"]
[Round "2"]
[Board "6"]
[White "Ranasinghe, S D"]
[Black "Gamage, Nethmi Nirasha"]
[Result "1/2-1/2"]
[WhiteElo "1783"]
[BlackElo "1580"]
[PlyCount "96"]
[EventDate "2015.07.04"]
[EventRounds "13"]
[EventCountry "SRI"]

1. c4 Nf6 2. Nc3 e6 3. Nf3 d5 4. d4 c6 5. Bg5 Be7 6. e3 Nbd7 7. Rc1 O-O 8. Bd3
dxc4 9. Bxc4 b5 10. Bd3 a6 11. O-O Bb7 12. Ne4 Nxe4 13. Bxe7 Qxe7 14. Bxe4 Rac8
15. Ne5 Nxe5 16. dxe5 c5 17. Qf3 Bxe4 18. Qxe4 Rfd8 19. Rfd1 c4 20. f4 Rc7 21.
Rd6 Rxd6 22. exd6 Qxd6 23. Qa8+ Qf8 24. Qxa6 Qc5 25. Kf2 Ra7 26. b4 Rxa6 27.
bxc5 Rc6 28. Rb1 Rxc5 29. a4 c3 30. axb5 c2 31. Rc1 Rxb5 32. Rxc2 g6 33. Kf3
Kg7 34. g4 h5 35. g5 Rb4 36. Re2 Kf8 37. h4 e5 38. e4 Rb3+ 39. Re3 Rxe3+ 40.
Kxe3 exf4+ 41. Kxf4 Ke8 42. Ke5 Ke7 43. Kd5 Kd7 44. e5 Ke7 45. e6 fxe6+ 46. Ke5
Kf7 47. Kd6 e5 48. Kxe5 Ke7 1/2-1/2

[Event "Women's National Chess Championship 2015"]
[Site "SLIIT,Malambe"]
[Date "2015.07.04"]
[Round "2"]
[Board "7"]
[White "Mendis, Dasuni Hansika"]
[Black "Askey, Roshell Nathasha"]
[Result "1-0"]
[WhiteElo "1697"]
[BlackElo "1606"]
[PlyCount "69"]
[EventDate "2015.07.04"]
[EventRounds "13"]
[EventCountry "SRI"]

1. d4 Nf6 2. c4 e6 3. a3 b6 4. Nc3 Bb7 5. e3 Be7 6. Nf3 O-O 7. Bd3 h6 8. O-O c5
9. dxc5 Bxc5 10. b4 Be7 11. Bb2 d6 12. Qe2 d5 13. Rfd1 Nbd7 14. cxd5 exd5 15.
Nd4 Ne5 16. Nf5 Nxd3 17. Qxd3 Rc8 18. Qe2 Qd7 19. e4 Rfe8 20. Qf3 Nxe4 21. Nxe4
Qe6 22. Nxg7 dxe4 23. Qg3 Qg6 24. Qxg6 fxg6 25. Nxe8 Rxe8 26. Rd7 Bc6 27. Rc7
Bb5 28. Rac1 Ba6 29. Rxa7 Bb5 30. g3 Bf8 31. a4 Be2 32. Rcc7 Rd8 33. Rd7 Rc8
34. Rh7 Rd8 35. Rh8# 1-0

[Event "Women's National Chess Championship 2015"]
[Site "SLIIT,Malambe"]
[Date "2015.07.05"]
[Round "3"]
[Board "1"]
[White "Askey, Roshell Nathasha"]
[Black "Kodikara, K K M Sachintha"]
[Result "1-0"]
[WhiteElo "1606"]
[BlackElo "1505"]
[PlyCount "163"]
[EventDate "2015.07.04"]
[EventRounds "13"]
[EventCountry "SRI"]

1. e4 d5 2. exd5 Qxd5 3. Nc3 Qa5 4. Nf3 Nf6 5. d4 c6 6. h3 Bf5 7. Bd2 Qc7 8.
Bc4 Nbd7 9. Bb3 e6 10. Qe2 O-O-O 11. Ne5 Bg6 12. O-O-O Bd6 13. f4 Rhe8 14. Qf2
Nb6 15. Rhg1 Be4 16. g4 Bd5 17. Nxd5 Nbxd5 18. c4 Ne4 19. Qh2 f6 20. cxd5 fxe5
21. fxe5 Nxd2 22. Qxd2 Bf8 23. dxe6 c5 24. Qc2 cxd4 25. Qxc7+ Kxc7 26. Kb1 Kb6
27. Rd3 g6 28. Rgd1 Kc5 29. Rc1+ Kb6 30. Re1 Be7 31. a3 Rf8 32. Bc2 Rfe8 33.
Red1 Bg5 34. Bb3 Kc5 35. Rf3 Re7 36. Rf7 a6 37. Rd3 Bh4 38. Ba2 a5 39. Kc2 Kb6
40. Kd1 Kc5 41. Bb3 b5 42. Ke2 Rc8 43. Rxe7 Bxe7 44. Rf3 Rf8 45. Rf7 Rxf7 46.
exf7 Bf8 47. Kd3 Bg7 48. Ke4 a4 49. Ba2 Bh6 50. e6 Bf8 51. g5 Be7 52. h4 Bf8
53. b3 axb3 54. Bxb3 Be7 55. Kd3 Bf8 56. Bc2 Be7 57. Ke4 Bf8 58. Bb3 Bd6 59.
Bc2 Bf8 60. Bd3 Kd6 61. Bxb5 Kxe6 62. Bc4+ Kd6 63. Kxd4 Kc6 64. a4 Bg7+ 65. Ke4
Kd6 66. a5 Kc7 67. Bd5 Kb8 68. a6 Bf8 69. Ke5 Ka7 70. Bb7 Kb6 71. Ke6 Kc7 72.
Bd5 Kb6 73. Kd7 Kxa6 74. Ke8 Bg7 75. f8=Q Bxf8 76. Kxf8 Kb5 77. Kg7 Kc5 78. Bg8
Kd4 79. Bxh7 Ke5 80. Bxg6 Kf4 81. Kf6 Kg4 82. h5 1-0

[Event "Women's National Chess Championship 2015"]
[Site "SLIIT,Malambe"]
[Date "2015.07.05"]
[Round "3"]
[Board "2"]
[White "Gamage, Nethmi Nirasha"]
[Black "Mendis, Dasuni Hansika"]
[Result "0-1"]
[WhiteElo "1580"]
[BlackElo "1697"]
[PlyCount "140"]
[EventDate "2015.07.04"]
[EventRounds "13"]
[EventCountry "SRI"]

1. d4 c5 2. d5 e5 3. c4 d6 4. e4 Be7 5. Nf3 Bg4 6. Bd3 Bxf3 7. gxf3 Bf6 8. Qc2
Nd7 9. Nc3 a6 10. Ne2 g6 11. Bd2 Rb8 12. a4 Bg7 13. a5 Ne7 14. Ng3 Qc7 15. Ke2
h5 16. h4 Bf6 17. Rh2 Qd8 18. Rah1 Nc8 19. Bc3 Ra8 20. Qb1 b6 21. Qa2 Qc7 22.
Rb1 Qd8 23. Rbh1 Rb8 24. Nf1 b5 25. b3 b4 26. Bd2 Qc7 27. Ng3 Ne7 28. Ra1 Ng8
29. Qa4 Rc8 30. Qa2 Ke7 31. Rg1 Rf8 32. Nf1 Ke8 33. Qa4 Ne7 34. Qa2 Rfg8 35.
Qa4 Nc8 36. Qa2 Bd8 37. Ng3 Na7 38. Ra1 Bf6 39. Rg1 Kd8 40. Rhh1 Kc8 41. Rh2
Kb7 42. Rgh1 Nc8 43. Qa4 Bd8 44. Ra1 Ne7 45. Qa2 Rf8 46. Qc2 Nf6 47. Be3 Ne8
48. f4 exf4 49. Bxf4 f6 50. Qb1 Ng7 51. Qb2 Rf7 52. Ra2 Ng8 53. Ra1 f5 54. e5
dxe5 55. Bxe5 Qe7 56. f4 Qd7 57. Kd1 Rh7 58. Qf2 Qc8 59. Bd6 Ne8 60. Bxc5 Rd7
61. Ne2 Ngf6 62. Qg1 Ng4 63. Rg2 Bxh4 64. Ba7 Bd8 65. Nc1 h4 66. Be2 h3 67.
Rxg4 h2 68. Qh1 fxg4 69. Bf2 Nf6 70. Nd3 Ne4 {Lost on Time} 0-1

[Event "Women's National Chess Championship 2015"]
[Site "SLIIT,Malambe"]
[Date "2015.07.05"]
[Round "3"]
[Board "3"]
[White "Peiris, H Pevinya"]
[Black "Ranasinghe, S D"]
[Result "0-1"]
[WhiteElo "1607"]
[BlackElo "1783"]
[PlyCount "114"]
[EventDate "2015.07.04"]
[EventRounds "13"]
[EventCountry "SRI"]

1. e4 c5 2. Nf3 a6 3. c3 d5 4. exd5 Qxd5 5. d4 Bg4 6. Be2 cxd4 7. Qxd4 Bxf3 8.
Bxf3 Qxd4 9. cxd4 Nc6 10. Bxc6+ bxc6 11. Nc3 e6 12. O-O Nf6 13. Rd1 Bd6 14. Bg5
Nd5 15. Ne4 Kd7 16. Nxd6 Kxd6 17. a3 a5 18. Rd3 Rab8 19. b3 h6 20. Bd2 Ra8 21.
Kf1 Ke7 22. Rc1 Ra6 23. Rc5 Rha8 24. g3 Nf6 25. f3 Nd7 26. Rc1 Nf6 27. Ke2 Rd8
28. Rdc3 Kd7 29. Rc5 Rb8 30. Rb1 a4 31. b4 Ne8 32. b5 cxb5 33. Bf4 Nd6 34. Bxd6
Rxd6 35. Kd3 Rd5 36. Rbc1 Rxc5 37. Rxc5 b4 38. axb4 Rxb4 39. f4 Kd6 40. Rc3 Rb3
41. Rxb3 axb3 42. Kc3 Kd5 43. Kxb3 Kxd4 44. Kb4 Ke4 45. Kc5 g5 46. fxg5 hxg5
47. h4 gxh4 48. gxh4 Kf4 49. Kd4 Kg4 50. h5 Kxh5 51. Ke4 f5+ 52. Kf4 Kh4 53.
Kf3 e5 54. Ke3 Kg3 55. Ke2 Kg2 56. Ke3 f4+ 57. Ke4 f3 0-1

[Event "Women's National Chess Championship 2015"]
[Site "SLIIT,Malambe"]
[Date "2015.07.05"]
[Round "3"]
[Board "4"]
[White "Rajapaksa, Miyuni Kavinya"]
[Black "Udupitiya, U G S S S"]
[Result "0-1"]
[WhiteElo "1591"]
[BlackElo "1647"]
[PlyCount "54"]
[EventDate "2015.07.04"]
[EventRounds "13"]
[EventCountry "SRI"]

1. e4 c5 2. Nc3 d6 3. g3 g6 4. Bg2 Bg7 5. d3 e6 6. Be3 Nc6 7. f4 Nge7 8. Nf3
O-O 9. d4 cxd4 10. Bxd4 Nxd4 11. Nxd4 a6 12. Qd2 Nc6 13. Nb3 Qc7 14. O-O-O Rd8
15. g4 b5 16. h4 Rb8 17. h5 a5 18. Qd3 a4 19. Nd2 a3 20. bxa3 b4 21. Ncb1 bxa3
22. Nb3 Nb4 23. Qe2 Nxa2+ 24. Kd2 Nc3 25. Nxc3 Qxc3+ 26. Kc1 Rxb3 27. Rd3 Rb1+
 0-1

[Event "Women's National Chess Championship 2015"]
[Site "SLIIT,Malambe"]
[Date "2015.07.05"]
[Round "3"]
[Board "5"]
[White "Saumy, Zainab"]
[Black "Methmani, Nelunika"]
[Result "1/2-1/2"]
[WhiteElo "1570"]
[BlackElo "1768"]
[PlyCount "60"]
[EventDate "2015.07.04"]
[EventRounds "13"]
[EventCountry "SRI"]

1. d4 Nf6 2. Bg5 Ne4 3. Bf4 d5 4. f3 Nf6 5. Nd2 c5 6. c3 Nc6 7. Nb3 c4 8. Nd2
Bf5 9. e4 dxe4 10. fxe4 Nxe4 11. Bxc4 e6 12. Ngf3 g5 13. Nxe4 gxf4 14. Nf2 Rg8
15. Rg1 Qb6 16. Qb3 Qc7 17. O-O-O O-O-O 18. Qa4 Kb8 19. Bd3 Bxd3 20. Nxd3 Rd5
21. Kb1 Ra5 22. Qc2 f6 23. Qd2 e5 24. dxe5 fxe5 25. Nf2 Be7 26. g3 fxg3 27.
Rxg3 Rxg3 28. hxg3 Ra6 29. Qd5 Qa5 30. Ne4 Qxd5 1/2-1/2

[Event "Women's National Chess Championship 2015"]
[Site "SLIIT,Malambe"]
[Date "2015.07.05"]
[Round "3"]
[Board "6"]
[White "Abeysinghe, H M H Janandani"]
[Black "Premanath, Dinushki"]
[Result "0-1"]
[WhiteElo "1519"]
[BlackElo "1833"]
[PlyCount "56"]
[EventDate "2015.07.04"]
[EventRounds "13"]
[EventCountry "SRI"]

1. e4 c5 2. Nf3 Nc6 3. d4 cxd4 4. Nxd4 g6 5. Be3 Bg7 6. Nc3 Nf6 7. f3 O-O 8.
Qd2 d5 9. Nxc6 bxc6 10. O-O-O Qc7 11. exd5 Nxd5 12. Nxd5 cxd5 13. Qxd5 Bf5 14.
Bd3 Rfd8 15. Qc5 Qb7 16. Qa3 Rab8 17. b3 Qc6 18. Qc5 Qf6 19. Kd2 Rbc8 20. Qa3
Rxc2+ 21. Ke1 Qc3+ 22. Bd2 Qxd3 23. Kf2 Rxd2+ 24. Rxd2 Qxd2+ 25. Kg3 Qg5+ 26.
Kf2 Rd2+ 27. Ke1 Qe3+ 28. Kf1 Qf2# 0-1

[Event "Women's National Chess Championship 2015"]
[Site "SLIIT,Malambe"]
[Date "2015.07.05"]
[Round "3"]
[Board "7"]
[White "De Silva, Chamindra"]
[Black "Wickramasinghe, Dilhara Ishini"]
[Result "1/2-1/2"]
[WhiteElo "1544"]
[BlackElo "1674"]
[PlyCount "48"]
[EventDate "2015.07.04"]
[EventRounds "13"]
[EventCountry "SRI"]

1. e4 c5 2. Nf3 d6 3. d4 cxd4 4. Nxd4 Nf6 5. Nc3 g6 6. Be3 Bg7 7. f3 O-O 8. Bc4
Nc6 9. Qd2 Bd7 10. O-O-O Rc8 11. Bb3 Ne5 12. g4 b5 13. h4 h5 14. gxh5 Nxh5 15.
Bh6 Bxh6 16. Qxh6 Rxc3 17. bxc3 Qa5 18. Ne2 Qa3+ 19. Kd2 Nxf3+ 20. Ke3 Ne5 21.
Kd2 Nf3+ 22. Ke3 Ne5 23. Kd2 Nf3+ 24. Ke3 Ne5 1/2-1/2

[Event "Women's National Chess Championship 2015"]
[Site "SLIIT,Malambe"]
[Date "2015.07.05"]
[Round "4"]
[Board "1"]
[White "Kodikara, K K M Sachintha"]
[Black "Wickramasinghe, Dilhara Ishini"]
[Result "0-1"]
[WhiteElo "1505"]
[BlackElo "1674"]
[PlyCount "146"]
[EventDate "2015.07.04"]
[EventRounds "13"]
[EventCountry "SRI"]

1. d4 Nf6 2. Nf3 g6 3. Bf4 Bg7 4. c3 O-O 5. Nbd2 d5 6. h3 Nbd7 7. e3 b6 8. Be2
Bb7 9. O-O c5 10. Re1 a6 11. Bf1 h6 12. a3 c4 13. Ne5 Nxe5 14. Bxe5 b5 15. Bxf6
Bxf6 16. e4 e6 17. e5 Bg7 18. Nf3 Qe7 19. Qd2 Bc6 20. Re2 a5 21. Rc1 Rfb8 22.
Nh2 Kh7 23. f4 b4 24. axb4 axb4 25. g4 Ra2 26. Qe3 Bd7 27. Nf3 Qd8 28. h4 bxc3
29. bxc3 Rxe2 30. Qxe2 Qa5 31. Qd2 Bf8 32. Qe1 Rb3 33. Rc2 Ra3 34. Rc1 Rb3 35.
Rc2 Qa3 36. Qc1 Qxc1 37. Rxc1 Ba3 38. Rc2 Rb2 39. Rc1 Rg2+ 40. Kxg2 Bxc1 41.
Kg3 Bb2 42. Kf2 Bxc3 43. Ke3 Ba4 44. Be2 Bc2 45. Nd2 Bb4 46. h5 gxh5 47. gxh5
Bf5 48. Bf1 Kg8 49. Be2 Kf8 50. Bf1 Ke7 51. Be2 Kd7 52. Bf1 Bg4 53. Be2 Bxe2
54. Kxe2 Bxd2 55. Kxd2 Kc6 56. Kc2 Kb5 57. Kc3 Ka4 58. Kb2 Kb4 59. Kc2 c3 60.
Kc1 Kc4 61. Kc2 Kxd4 62. Kc1 Kc4 63. Kc2 d4 64. Kc1 d3 65. Kd1 Kb3 66. Ke1 Kc2
67. Kf2 d2 68. Ke3 d1=Q 69. Kf2 Kd3 70. Kg3 Ke3 71. Kh3 Kf3 72. Kh2 Qe2+ 73.
Kh1 Qg2# 0-1

[Event "Women's National Chess Championship 2015"]
[Site "SLIIT,Malambe"]
[Date "2015.07.05"]
[Round "4"]
[Board "2"]
[White "Premanath, Dinushki"]
[Black "De Silva, Chamindra"]
[Result "1-0"]
[WhiteElo "1833"]
[BlackElo "1544"]
[PlyCount "51"]
[EventDate "2015.07.04"]
[EventRounds "13"]
[EventCountry "SRI"]

1. e4 c5 2. Nf3 d6 3. d4 cxd4 4. Nxd4 Nf6 5. Nc3 a6 6. Bc4 e6 7. Bb3 b5 8. O-O
Nbd7 9. Qe2 Nc5 10. a3 Bb7 11. f3 Nxb3 12. cxb3 d5 13. e5 Bc5 14. Be3 Nd7 15.
f4 Qe7 16. b4 Bxd4 17. Bxd4 f5 18. exf6 gxf6 19. Rae1 Kf7 20. Qh5+ Kg7 21. Rf3
Rag8 22. Rfe3 Nf8 23. f5 e5 24. Bxe5 fxe5 25. Rxe5 Qf6 26. Re7+ 1-0

[Event "Women's National Chess Championship 2015"]
[Site "SLIIT,Malambe"]
[Date "2015.07.05"]
[Round "4"]
[Board "3"]
[White "Methmani, Nelunika"]
[Black "Abeysinghe, H M H Janandani"]
[Result "1/2-1/2"]
[WhiteElo "1768"]
[BlackElo "1519"]
[PlyCount "143"]
[EventDate "2015.07.04"]
[EventRounds "13"]
[EventCountry "SRI"]

1. d4 d5 2. c4 e6 3. Nf3 c6 4. e3 Nf6 5. b3 dxc4 6. bxc4 Nbd7 7. Bd3 Bd6 8. Bb2
O-O 9. O-O Qe7 10. Ne5 Bxe5 11. dxe5 Ne8 12. Qc2 h6 13. Nd2 c5 14. f4 b6 15.
Rad1 Bb7 16. Ne4 f5 17. exf6 Ndxf6 18. Nxf6+ Nxf6 19. e4 e5 20. Qe2 exf4 21.
Rxf4 Rae8 22. e5 Nd7 23. Rxf8+ Nxf8 24. Qg4 Bc8 25. Qh5 Qf7 26. Qe2 Bf5 27. Be4
Bxe4 28. Qxe4 Qg6 29. Qd5+ Qe6 30. a4 Ng6 31. Re1 Nf4 32. Qe4 Ng6 33. Rd1 Nxe5
34. Qb7 Qf7 35. Qxf7+ Nxf7 36. Rd7 Rd8 37. Rd5 g6 38. Bf6 Rxd5 39. cxd5 Kf8 40.
Kf2 Nd6 41. Ke3 Kf7 42. Bc3 a6 43. g4 b5 44. axb5 axb5 45. Kd3 b4 46. Be5 Ke7
47. h3 h5 48. Bg7 Kd7 49. Kc2 Ne4 50. Bf8 Ke8 51. Bh6 Nf6 52. gxh5 gxh5 53. Be3
c4 54. d6 Kd7 55. Bc5 b3+ 56. Kb2 Ne4 57. Bd4 Kxd6 58. h4 Ke6 59. Bg7 Kf5 60.
Bf8 Kg4 61. Be7 Nd2 62. Kc3 Nf3 63. Ba3 Kxh4 64. Kxc4 Kg5 65. Kxb3 Nd2+ 66. Kc2
Ne4 67. Kd3 Kf5 68. Ke3 h4 69. Kf3 h3 70. Bd6 Nxd6 71. Kg3 Ne4+ 72. Kxh3
 1/2-1/2